<?xml version="1.0" encoding="UTF-8"?>
<record
    xmlns:xsi="http://www.w3.org/2001/XMLSchema-instance"
    xsi:schemaLocation="http://www.loc.gov/MARC21/slim http://www.loc.gov/standards/marcxml/schema/MARC21slim.xsd"
    xmlns="http://www.loc.gov/MARC21/slim">

  <leader>01362nam a2200241Ia 4500</leader>
  <controlfield tag="001">IA_3635,06/08/2007,24/01/2012,5232272005                          mx nm  8223123322spa16,"</controlfield>
  <controlfield tag="002">lisina y triptofano de ma&#xED;ces de alta calidad prote&#xED;nica (ACP) / Susana Elizabeth Due&#xF1;as Baca ; direcci&#xF3;n Mar&#xED;a Gricelda V&#xE1;zquez Carrillo ; asesor&#xED;a Jorge Castillo Merino y Yolanda Salinas Moreno</controlfield>
  <controlfield tag="008">220117s y t    xx            000 0 und d</controlfield>
  <datafield tag="010" ind1=" " ind2=" ">
    <subfield code="a">182922</subfield>
  </datafield>
  <datafield tag="090" ind1=" " ind2=" ">
    <subfield code="a">Tesis D84 2005</subfield>
  </datafield>
  <datafield tag="100" ind1=" " ind2=" ">
    <subfield code="a">Due&#xF1;as Baca</subfield>
    <subfield code="9">155050</subfield>
  </datafield>
  <datafield tag="260" ind1=" " ind2=" ">
    <subfield code="a">M&#xE9;xico  :</subfield>
    <subfield code="b">El autor,</subfield>
    <subfield code="c"> y t</subfield>
  </datafield>
  <datafield tag="300" ind1=" " ind2=" ">
    <subfield code="a">x</subfield>
  </datafield>
  <datafield tag="502" ind1=" " ind2=" ">
    <subfield code="a">Tesis (Ing. Agr. Esp. en Ingenier&#xED;a Agroindustrial) -- UACh. Departamento de Ingenier&#xED;a Agroindustrial</subfield>
  </datafield>
  <datafield tag="504" ind1=" " ind2=" ">
    <subfield code="a">Bibliograf&#xED;a: 52-57</subfield>
  </datafield>
  <datafield tag="520" ind1=" " ind2=" ">
    <subfield code="a">Para el 2004 en M&#xE9;xico hab&#xED;a 105 millones de mexicanos</subfield>
  </datafield>
  <datafield tag="901" ind1=" " ind2=" ">
    <subfield code="a">derivado del ma&#xED;z opaco-2</subfield>
  </datafield>
  <datafield tag="902" ind1=" " ind2=" ">
    <subfield code="a">pero con textura de endospermo semejante a la del ma&#xED;z com&#xFA;n</subfield>
  </datafield>
  <datafield tag="903" ind1=" " ind2=" ">
    <subfield code="a">para elaborar tortillas y otros productos derivados del ma&#xED;z. El objetivo de esta investigaci&#xF3;n fue determinar las caracter&#xED;sticas f&#xED;sicas y los contenidos de lisina y triptofano en 17 ma&#xED;ces ACP cosechados en dos ciclos agr&#xED;colas de 5 localidades diferentes en cada ciclo. Los an&#xE1;lisis f&#xED;sicos realizados fueron: peso hectol&#xED;trico</subfield>
  </datafield>
  <datafield tag="904" ind1=" " ind2=" ">
    <subfield code="a"> y t</subfield>
  </datafield>
  <datafield tag="942" ind1=" " ind2=" ">
    <subfield code="c">2005</subfield>
  </datafield>
  <datafield tag="999" ind1=" " ind2=" ">
    <subfield code="c">182922</subfield>
    <subfield code="d">182922</subfield>
  </datafield>
</record>
